| 000 | 00843cab a2200181 4500 | ||
|---|---|---|---|
| 001 | L129630 | ||
| 008 | 050506n2005 000 0 eng u | ||
| 035 | _a(Sirsi) u129630 | ||
| 041 | _aeng | ||
| 100 | _aLynch, Russ | ||
| 245 | _aCouncils stick to lowest price | ||
| 260 | _c2005 | ||
| 490 |
_aConstruction News _v(6912) 14 April 2005, 12-13(2) |
||
| 520 | _aReports on a survey by "Construction News" which asked councils how they were procuring construction work. It found that out of 226 contracts let by 35 councils, 82% were let on price alone. These findings appear to be at odds with procurement strategies of many councils and after the National Audit Office said central government could save £2.6m a year by adopting more advanced methods of procurement. | ||
| 590 | _aIKA190505 | ||
| 690 |
_aProcurement _96260 |
||
| 942 | _n0 | ||
| 999 |
_c75189 _d75189 |
||